MyGZULibrary

Reducing poverty on a global scale : (Record no. 1396)

MARC details
000 -LEADER
fixed length control field 01261cam a22003134a 4500
001 - CONTROL NUMBER
control field 14069297
003 - CONTROL NUMBER IDENTIFIER
control field GZU
005 - DATE AND TIME OF LATEST TRANSACTION
control field 20201014110639.0
008 - FIXED-LENGTH DATA ELEMENTS--GENERAL INFORMATION
fixed length control field 050809s2005 dcu b 001 0 eng
010 ## - LIBRARY OF CONGRESS CONTROL NUMBER
LC control number 2005043450
020 ## - INTERNATIONAL STANDARD BOOK NUMBER
International Standard Book Number 9780821363621
020 ## - INTERNATIONAL STANDARD BOOK NUMBER
International Standard Book Number 082136362X
040 ## - CATALOGING SOURCE
Original cataloging agency DLC
Transcribing agency DLC
Modifying agency DLC
042 ## - AUTHENTICATION CODE
Authentication code pcc
043 ## - GEOGRAPHIC AREA CODE
Geographic area code d------
050 00 - LIBRARY OF CONGRESS CALL NUMBER
Classification number HC59.72.P6
Item number SHA 2005
245 00 - TITLE STATEMENT
Title Reducing poverty on a global scale :
Remainder of title learning and innovating for development : findings from the Shanghai global learning initiative /
Statement of responsibility, etc. edited by Blanca Moreno-Dodson.
260 ## - PUBLICATION, DISTRIBUTION, ETC.
Place of publication, distribution, etc. Washington, DC :
Name of publisher, distributor, etc. World Bank,
Date of publication, distribution, etc. c2005.
300 ## - PHYSICAL DESCRIPTION
Extent xvii, 267 p. ;
Dimensions 23 cm. +
Accompanying material 1 CD-ROM (4 3/4 in.)
504 ## - BIBLIOGRAPHY, ETC. NOTE
Bibliography, etc. note Includes bibliographical references and index.
650 #0 - SUBJECT ADDED ENTRY--TOPICAL TERM
Topical term or geographic name entry element Poverty
Geographic subdivision Developing countries
Form subdivision Case studies.
650 #0 - SUBJECT ADDED ENTRY--TOPICAL TERM
Topical term or geographic name entry element Economic assistance
Geographic subdivision Developing countries
Form subdivision Case studies.
650 #0 - SUBJECT ADDED ENTRY--TOPICAL TERM
Topical term or geographic name entry element Economic development projects
Geographic subdivision Developing countries
Form subdivision Case studies.
700 1# - ADDED ENTRY--PERSONAL NAME
Personal name Moreno-Dodson, Blanca.
Relator term editor
710 2# - ADDED ENTRY--CORPORATE NAME
Corporate name or jurisdiction name as entry element World Bank.
Relator term Corporate name
906 ## - LOCAL DATA ELEMENT F, LDF (RLIN)
a 7
b cbc
c orignew
d 1
e ocip
f 20
g y-gencatlg
942 ## - ADDED ENTRY ELEMENTS (KOHA)
Source of classification or shelving scheme Library of Congress Classification
Koha item type Books
Classification part 59.72.P6
Item part SHA
Call number prefix HC
Holdings
Withdrawn status Lost status Source of classification or shelving scheme Damaged status Not for loan Collection code Home library Current library Shelving location Date acquired Total Checkouts Full call number Barcode Date last seen Copy number Price effective from Koha item type
    Library of Congress Classification     Non-fiction City Campus Library City Campus Library General Stacks 10/14/2013   HC59.72.P6 SHA 2005 006827 10/14/2020 c. 1 10/14/2020 Books